| 000 | 00537nam a2200193 a 4500 | ||
|---|---|---|---|
| 020 | _a0140127909 : | ||
| 040 | _cDLC | ||
| 082 | 0 | 0 | _a363 PEN 1990 A015 Or. |
| 100 | 1 | _aGeorge, Susan. | |
| 245 | 1 | 0 |
_aIll fares the land : _bessays on food, hunger, and power / |
| 250 | _a1st ed. | ||
| 260 |
_aLondon, England : _aNew York, N.Y., USA : _bPenguin Books, _c1990. |
||
| 300 |
_axvi, 260, [1] p. ; _c20 cm. |
||
| 650 | 0 | _aFood supply. | |
| 650 | 0 | _aFood supply | |
| 650 | 0 | _aAgriculture and state. | |
| 650 | 0 | _aAgriculture | |
| 942 | _cEK | ||
| 999 |
_c11405 _d11405 |
||